The Off-Season - J. Cole - Statistics

General Stats
  • This quiz has been taken 18 times
  • The average score is 8 of 12
Answer Stats
Songs Plays Artists % Correct
m y . l i f e 526,780,866 J. Cole, 21 Savage, Morray
100%
p r i d e . i s . t h e . d e v i l 418,555,962 J. Cole, Lil Baby
86%
a m a r i 295,438,578 J. Cole
79%
9 5 . s o u t h 127,060,828 J. Cole, Lil Jon, Cam'ron
64%
i n t e r l u d e 186,145,584 J. Cole
64%
l e t . g o . m y . h a n d 138,231,214 J. Cole, 6lack, Bas
64%
t h e . c l i m b . b a c k 180,875,441 J. Cole
64%
1 0 0 . m i l ' 89,617,108 J. Cole, Bas
57%
c l o s e 59,946,003 J. Cole
57%
h u n g e r . o n . h i l l s i d e 94,254,661 J. Cole, Bas
57%
a p p l y i n g . p r e s s u r e 79,820,820 J. Cole
50%
p u n c h i n ' . t h e . c l o c k 81,574,675 J. Cole
50%
No matching quizzes found
Score Distribution
Percent of People with Each Score
Percentile by Number Answered
Your Score History
You have not taken this quiz